| 000 | 00850cam a2200265 a 4500 | ||
|---|---|---|---|
| 001 | 15960583 | ||
| 005 | 20180110092037.0 | ||
| 008 | 091026s2001 caua j 001 0 eng d | ||
| 010 | _a 2009281788 | ||
| 020 | _a9780736212236 | ||
| 020 | _a073621223X | ||
| 035 | _a(OCoLC)ocm47946500 | ||
| 040 |
_aBRL _cBRL _dOCLCQ _dXY4 _dDLC |
||
| 041 | _aeng | ||
| 042 | _alccopycat | ||
| 080 | _a82 ALF | ||
| 082 | _282 ALF | ||
| 100 | 1 | _a22 | |
| 101 | _aGJU | ||
| 245 | 1 | 0 |
_aHigh point. _p[the basics] : _cAlfredo Schifini, Deborah Short, Josefina Villamil Tinajero. |
| 246 | 1 |
_iAt head of title: _aHampton-Brown high point |
|
| 906 |
_a7 _bcbc _ccopycat _d2 _encip _f20 _gy-gencatlg |
||
| 942 |
_2ddc _cBK |
||
| 999 |
_c40061 _d40061 |
||